El hallazgo de los restos de Colón : (Registro nro. 7864)

Detalles MARC
000 -LIDER
fixed length control field 00953nam a2200277 a 4500
001 - NÚMERO DE CONTROL
Identificador de número de control 000021816
003 - IDENTIFICACDOR DE NÚMERO DE CONTROL
control field DO-SdBNP
005 - DATE AND TIME OF LATEST TRANSACTION
control field 20180214112159.0
007 - CAMPOS FIJOS DE DESCRIPCIÓN FÍSICA
fixed length control field 000021816
008 - ELEMENTOS DE LONGITUD FIJA
fixed length control field 100913s1985 dr 000 0 spa d
040 ## - FUENTE DE CATALOGACIÓN
Agencia que crea de manera original el registro BPMET
Idioma de catalogación spa
Agencia que realiza la transcripción BPMET
092 ## - LOCALLY ASSIGNED DEWEY DECIMAL CALL NUMBER
Número de clasificación 923.9
Número de ítem (Cutter) T85h
100 1# - ASIENTO PRINCIPAL -- NOMBRE PERSONAL
Nombre personal Troncoso, Jesús María
245 13 - MENCIÓN DE TITULO
Título El hallazgo de los restos de Colón :
Subtítulo relato de un testigo presencial /
Mención de responsabilidad Jesús María Troncoso.
260 ## - PUBLICACIÓN, DISTRIBUCIÓN, ETC. (PIE DE IMPRENTA)
Lugar de publicación, distribución, etc Santo Domingo :
Nombre del editor, distribuidor, etc. Sociedad Dominicana de Bibliófilos,
Fecha de publicación, distribución, etc 1985.
300 ## - DESCRIPCIÓN FÍSICA
Extensión 19 p. ;
Dimensiones 20 cm.
500 ## - NOTA GENERAL
Nota general Incluye notas al pie de páginas
500 ## - NOTA GENERAL
Nota general Edición fascimilar : Ciudad Trujillo : 1941.
600 ## - ENCABEZAMIENTO DE MATERIA--NOMBRE PERSONAL
Nombre personal COLÓN CRISTOBAL
Subdivisión cronológica 1451?-1506
930 #1 - EQUIVALENCE OR CROSS-REFERENCE-UNIFORM TITLE HEADING [LOCAL, CANADA]
Language of a work BND01
Medium of performance for music LF1
Field link and sequence number 20110411
Date of a work 04
Name of part/section of a work HD
Miscellaneous information 21252
942 ## - ADDED ENTRY ELEMENTS (KOHA)
Source of classification or shelving scheme Dewey Decimal Classification
Koha item type Libros
945 ## - INFORMACIÓN DE PROCESAMIENTO LOCAL
Información de procesamiento local Inventariado, 2018/ YL
956 ## - LOCAL ELECTRONIC LOCATION AND ACCESS (OCLC)
Nombre de host SARMENTERO
Número de acceso 10
Información de compresión 20100913
Inicio de sesión BND01
Procesador de solicitud 1230
956 ## - LOCAL ELECTRONIC LOCATION AND ACCESS (OCLC)
Nombre de host DGARCIA
Número de acceso 10
Información de compresión 20110221
Inicio de sesión BND01
Procesador de solicitud 1041
956 ## - LOCAL ELECTRONIC LOCATION AND ACCESS (OCLC)
Nombre de host VMATEO
Número de acceso 10
Información de compresión 20150512
Inicio de sesión BMET02
Procesador de solicitud 00151
Existencias
Withdrawn status Lost status Source of classification or shelving scheme Damaged status Not for loan Collection code Home library Current library Date acquired Total Checkouts Barcode Date last seen Price effective from Koha item type Copy number
    Dewey Decimal Classification     Colección Dominicana Biblioteca Pública Metropolitana Salomé Ureña Biblioteca Pública Metropolitana Salomé Ureña 05/12/2015   BPMSU15051690 05/12/2015 05/12/2015 Libros  
    Dewey Decimal Classification       Biblioteca Pública Metropolitana Salomé Ureña Biblioteca Pública Metropolitana Salomé Ureña 07/23/2015   BPMET15070348 07/23/2015 07/23/2015 Libros ej. 2